000 00784nam a2200217Ia 4500
999 _c38077
_d38077
001 4063
003 GE_BSU
005 20190927140424.0
008 181216s1969||||ge |||||||||||||| ||geo||
040 _cGE_BSU
041 _ageo
080 _a39(479.22) მ–60
100 _aმეფისაშვილი, გივი
_94357
245 _aძველი და ახალი ტრადიციები /
_cრედ. ნ. გონიაშვილი
264 _aთბ. :
_bსაბჭ. საქართველო,
_c1969.
300 _a120 გვ.;
_b17 სმ.
541 _h2ლ.
653 _aქართული ტრადიციები
700 _aგონიაშვილი, ნ.
_eრედაქტორი
_94358
942 _cBK
_2udc